| 000 | 02230nam a22002657a 4500 | ||
|---|---|---|---|
| 001 | BRCA_9283 | ||
| 003 | FranzMayer | ||
| 005 | 20230724112733.0 | ||
| 008 | 230721b |||||||| |||| 00| 0 eng d | ||
| 040 |
_aMFM _besp _cMFM |
||
| 050 |
_aLE52 _bC84 1776 |
||
| 082 | _2BX3651 | ||
| 100 | 1 |
_4Autor _aDe la Cuesta, Leonardo Antonio _928917 |
|
| 240 | 1 |
_aEstado Sagrado Chronologico Genealogico y Universal del mundo _hTomo VII. Desde su creación, hasta los presentes siglos, en que se dará noticia de los Patriarcas, Profetas, Pontífices, Emperadores, Reyes, Escritores y otras personas Ilustres, con los Concilios, Cismas, Anti-papas, Heresiarcas, persecuciones de la Iglesia, y varios acaecimientos curiosos en que pueda divertirse todo genero de personas _lespañol |
|
| 245 | 0 |
_aEstado Sagrado Chronologico Genealogico y Universal del mundo _bTomo VII. Desde su creación, hasta los presentes siglos, en que se dará noticia de los Patriarcas, Profetas, Pontífices, Emperadores, Reyes, Escritores y otras personas Ilustres, con los Concilios, Cismas, Anti-papas, Heresiarcas, persecuciones de la Iglesia, y varios acaecimientos curiosos en que pueda divertirse todo genero de personas |
|
| 260 |
_aMadrid, España _bImprenta de D. Manuel Martin _c1776 |
||
| 300 |
_a365 p _c16 cm |
||
| 440 |
_aEstado Sagrado Chronologico Genealogico y Universal del mundo _nDesde su creación, hasta los presentes siglos, en que se dará noticia de los Patriarcas, Profetas, Pontífices, Emperadores, Reyes, Escritores y otras personas Ilustres, con los Concilios, Cismas, Anti-papas, Heresiarcas, persecuciones de la Iglesia, y varios acaecimientos curiosos en que pueda divertirse todo genero de personas _pTomo VII _928918 |
||
| 500 | _aEl libro contiene dos marcas al inicio, que hacen mención a los lugares a los que perteneció con anterioridad. | ||
| 500 | _aEl libro tiene varias hojas dañadas, correspondiente con daño por animales | ||
| 505 | 0 | _aTexto en. españolDirigido a: teólogos, historiadores y antropólogos.Incluye índice (temático). | |
| 650 | 1 |
_2Religión _aEstudios religiosos _vReligión católica _928919 |
|
| 651 | 2 |
_2Biblia católica _aCreación del mundo _vHombres destacables _928920 |
|
| 942 |
_2lcc _cB |
||
| 999 |
_c10903 _d10903 |
||